Se pedirá cuenta (Record no. 187574)

MARC details
000 -LEADER
campo de control de longitud fija 00826nam a2200253 i 4500
001 - NÚMERO DE CONTROL
campo de control 187574
003 - IDENTIFICADOR DE NÚMERO DE CONTROL
campo de control ES-MaACL
005 - FECHA Y HORA DE LA ÚLTIMA TRANSACCIÓN
campo de control 20240312161103.0
008 - DATOS DE LONGITUD FIJA--INFORMACIÓN GENERAL
campo de control de longitud fija 171129s1991 sp f |||| |dspa d
020 ## - NÚMERO INTERNACIONAL ESTÁNDAR DEL LIBRO
Número Internacional Estándar del Libro 84-7825-046-8
080 ## - NÚMERO DE LA CLASIFICACIÓN DECIMAL UNIVERSAL
Número de la Clasificación Decimal Universal 929 Juan Pablo I, Papa
100 1# - ENTRADA PRINCIPAL--NOMBRE DE PERSONA
Nombre de persona López Saez, Jesús.
9 (RLIN) 163863
245 10 - MENCIÓN DEL TÍTULO
Título Se pedirá cuenta
Resto del título (muerte y figura de Juan Pablo I) /
Mención de responsabilidad, etc. Jesús López Saez.
250 ## - MENCION DE EDICION
Mención de edición 2ª ed.
260 ## - PUBLICACIÓN, DISTRIBUCIÓN, ETC.
Lugar de publicación, distribución, etc. Madrid :
Nombre del editor, distribuidor, etc. Orígenes,
Fecha de publicación, distribución, etc. 1991.
300 ## - DESCRIPCIÓN FÍSICA
Extensión 143 p., [16] p. de lám. ;
Dimensiones 21 cm.
490 1# - MENCIÓN DE SERIE
Mención de serie Tratados de testimonio
504 ## - NOTA DE BIBLIOGRAFÍA, ETC.
Nota de bibliografía, etc. Bibliografía: p. 143.
600 04 - PUNTO DE ACCESO ADICIONAL DE MATERIA--NOMBRE DE PERSONA
Nombre de persona Juan Pablo
Numeración I,
Títulos y otros términos asociados al nombre Papa
9 (RLIN) 67129
830 0# - PUNTO DE ACCESO ADICIONAL DE SERIE-TÍTULO UNIFORME
Título uniforme Tratados de testimonio
9 (RLIN) 192807
852 ## - LOCALIZACIÓN
Ubicación ES-MaACL
Número de control de estantería A-14101
itemnumber 194660
Sublocalización o colección R.151462
Ubicación en estantería Depósito 1
Signatura antigua Olim: N-7101
942 ## - ELEMENTOS DE ENTRADA SECUNDARIOS (KOHA)
Fuente del sistema de clasificación o colocación Clasificación decimal universal
Tipo de ítem Koha Libro impreso
Holdings
Estatus retirado Estado de pérdida Fuente del sistema de clasificación o colocación Estado de daño No para préstamo Biblioteca de origen Biblioteca actual Ubicación en estantería Fecha de adquisición Fuente de adquisición Total de préstamos Signatura topográfica completa Código de barras Visto por última vez Precio de reemplazo Tipo de ítem Koha
    Clasificación decimal universal     Biblioteca del Ateneo de Madrid Biblioteca del Ateneo de Madrid Depósito 1 29/11/2017 Donación   A-14101 1198121 23/02/2023 23/02/2023 Libro impreso